Miasta na Litwie - Nagła Śmierć - Statystyki

Ogólne statystyki
  • Ten quiz został rozwiązany 156 razy
    70 od ostatniego zresetowania
  • Średni wynik to 10 z 15
Answers on the Grid
Answers color-coded by a green-red scale on the quiz's grid according to % correct below.
Charków
Dyneburg
Hawr
Homel
Janów
Kiejdany
Kłajpeda
Kowno
Lipawa
Łomża
Mariampol
Możejki
Olita
Płowdiw
Poniewież
Radziwiliszki
Saloniki
Symferopol
Szawle
Taurogi
Telsze
Turku
Uciana
Warna
Wiłkomierz
Wilno
Witebsk
 
Statystyki odpowiedzi
Odpowiedź % Poprawnych
Kłajpeda
91%
Kowno
89%
Wilno
82%
Kiejdany
77%
Poniewież
73%
Możejki
68%
Radziwiliszki
68%
Szawle
66%
Mariampol
59%
Taurogi
55%
Wiłkomierz
55%
Olita
52%
Telsze
52%
Uciana
50%
Janów
43%
Nie znaleziono quizów pasujących do podanych kryteriów
Rozkład punktacji
Procent ludzi z każdym wynikiem
Percentyl według liczby udzielonych odpowiedzi
Twoja historia wyników
Nie rozwiązałeś tego quizu od ostatniego zresetowania